| 000 | 00390nam a2200145Ia 4500 | ||
|---|---|---|---|
| 008 | 230917s9999||||xx |||||||||||||| ||und|| | ||
| 040 |
_e39459 _aMAIN |
||
| 041 | _aEnglish | ||
| 082 | _a658.4 H874G | ||
| 100 | _aHughes, Charles L | ||
| 245 | 0 | _aGoal setting: key to individual and organizational effectiveness | |
| 260 |
_aBombay _bTaraporevala _c1976 |
||
| 300 | _a157 p. | ||
| 942 | _cBK | ||
| 999 |
_c158481 _d158481 |
||